000 00493nam a2200169Ia 4500
008 090711s9999 xx 000 0 und d
082 _b44378
100 _aSोंदवणकर सदानंद
245 _aसंत-समागम
260 _c1982
300 _a72
600 _aSोंदवणकर सदानंद
630 _aसंत-समागम
700 _aSोंदवणकर सदानंद
730 _aसंत-समागम
942 _cBOOK
999 _c286622
_d286622